<Die> Priewasser-Prognose Bankstrategien und Bankmanagement 2009

Salvato in:
Dettagli Bibliografici
Autore principale: Priewasser, Erich
Natura: Libro
Lingua:tedesco
Pubblicazione: Frankfurt am Main Knapp 1994
Edizione:1. Aufl.
Soggetti:
Tags: Aggiungi Tag
Nessun Tag, puoi essere il primo ad aggiungerne!!

MARC

LEADER 00000nam a2200000 4500
001 c012179
005 20221205140937.6
020 |a 3-7819-0551-9 
041 0 |a ger 
044 |a DE 
245 1 0 |a <Die> Priewasser-Prognose  |b Bankstrategien und Bankmanagement 2009  |c Erich Priewasser 
250 |a 1. Aufl. 
264 1 |a Frankfurt am Main  |b Knapp  |c 1994 
300 |a 302 s. 
610 2 0 |a banky 
610 2 0 |a manažment 
610 2 0 |a stratégia podniková 
610 2 0 |a prognózy 
610 2 0 |a prostredie ekonomické 
610 2 0 |a prostredie životné 
610 2 0 |a riadenie podnikové 
610 2 0 |a plánovanie 
610 2 0 |a riziko 
610 2 0 |a náklady 
610 2 0 |a výnosy 
610 2 0 |a trh 
610 2 0 |a odbyt 
610 2 0 |a ceny 
610 2 0 |a komunikácia 
610 2 0 |a Priewasser, E. 
100 1 |a Priewasser, Erich